000 00505nam a2200169Ia 4500
003 GCL
008 140319s9999 xx 000 0 eng d
040 _aGCL /
_cGCL
082 0 4 _a892.7
_bV
100 1 _aACCADEMIA NATIONALE DEI LINCEI
245 1 0 _aGIORNATA DI STUDIO : DEL NUOUO SULLA SICILIA MUSULMANA /
_cACCADEMIA NATIONALE DEI LINCEI
260 _a[S.N] :
_bACCADEMIA NAZIONALE DEI LINCEI ،
_c1995
300 _a210
650 0 4 _aحوادث المرور
650 0 4 _aSICILIA
942 _2ddc
_cBK
999 _c12476
_d12476